MARC

LEADER 00000nam2a2200000 4500
001 207833
005 20231101225426.0
035 |a (RuTPU)RU\TPU\book\226815 
090 |a 207833 
100 |a 20120128d1989 k y0rusy50 ca 
101 0 |a rus 
102 |a UA 
105 |a a z 001zy 
200 0 |a Вып. 15  |f отв. ред. А. Д. Матросов 
210 |d 1989 
215 |a 87 с.  |c ил. 
320 |a Библиогр. в конце ст. 
461 1 |0 (RuTPU)RU\TPU\book\122268  |t Технический прогресс и эффективность производства  |o [сборник]  |f Харьковский политехнический институт (ХПИ)  |v Вып. 15  |d 1967-1990  |s Вестник Харьковского политехнического института ; № 267 
606 1 |a Промышленные предприятия  |x Внедрение передовой технологии и техники  |x Кредитование и финансирование  |x Прогнозирование  |2 stltpush  |3 (RuTPU)RU\TPU\subj\52579  |9 70991 
610 1 |a предприятия 
610 1 |a оборудование 
610 1 |a планирование 
610 1 |a учет 
610 1 |a аттестация 
610 1 |a рабочие места 
610 1 |a бригадные формы 
610 1 |a социологические исследования 
610 1 |a электродвигатели 
610 1 |a самофинансирование 
610 1 |a горные работы 
610 1 |a сельское хозяйство 
610 1 |a экономический ущерб 
610 1 |a качество 
610 1 |a премирование 
610 1 |a промышленные полигоны 
675 |a 658.589  |v 3 
702 1 |a Матросов  |b А. Д.  |4 340 
801 1 |a RU  |b 63413507  |c 20120128 
801 2 |a RU  |b 63413507  |c 20170126  |g RCR 
942 |c BK